000 00490nam a2200157 i 4500
001 39818
003 ES-MaACL
005 20230906160104.0
007 t|
008 030304s1883 it ||||1| ita d
245 0 0 _aCanti carnascialeschi, trionfi, carrie mascherate /
_csecondo l'edizione del Bracci ; con prefazione di Olindo Guerrini.
260 _aMilano :
_bEdoardo Sonzogno,
_c1883.
300 _a352 p. ;
_c18 cm.
700 1 _aGuerrini, Olindo.
_960594
852 _aES-MaACL
_jF-10528
999 _c39818
_d39818